000 00688nam a2200145Ia 4500
008 151213s9999 xx 000 0 und d
100 _aঅনুবাদ : তুহিন বাসার মুখোপাধ্যায়।
245 _aদি ডায়েস অব মালফি।
_cঅনুবাদ : তুহিন বাসার মুখোপাধ্যায়।
260 _aঢাকা
_bফ্রেন্ড্স বুক কর্ণার।
_c1999
300 _a8777 p.
650 _aBangla
650 _aউপন্যাস
700 _aঅনুবাদ : তুহিন বাসার মুখোপাধ্যায়।
999 _c4562
_d4562